000 00297nam a22001337a 4500
008 181219b xxu||||| |||| 00| 0 eng d
020 _a9780070577091
041 _aeng
080 _23 TH
_a721
100 _a44
101 _aARK
245 _aLandscape Architecture
_cJohn.O
942 _2udc
_cBK
999 _c53506
_d53506